000 00421nam a2200181Ia 4500
005 20240823015158.0
008 240823s9999||||xx |||||||||||||| ||und||
041 _aENGLISH
082 _A370.15 N4
100 _aMittal
245 0 _aEducational Psycology and Guidance
250 _a1st
260 _c1994
_bDhanpat Rai &
_aDelhi
500 _aYES
650 _aPsycology
_bGeneral
942 _cBK
999 _c171821
_d171821